000
00258nam a22001217a 4500
008
181019b xxu||||| |||| 00| 0 eng d
041
_a
eng
080
_a
575
100
_a
5
101
_a
BIO
245
_a
Textbook Biochemistry
_c
Harow.m
942
_2
udc
_c
BK
999
_c
50240
_d
50240